[Event "FRA-chT1B 0809"]
[Site "France"]
[Date "2009.04.05"]
[Round "11.7"]
[White "Nemirovski, Serge"]
[Black "Lebreton, Flavien"]
[Result "0-1"]
[WhiteElo "2253"]
[BlackElo "1970"]
[PlyCount "54"]
[EventDate "2008.10.19"]
[EventType "team-tourn"]
[EventRounds "11"]
[EventCountry "FRA"]
[SourceTitle "EXT 2010"]
[Source "ChessBase"]
[SourceDate "2010.11.25"]
[SourceVersion "1"]
[SourceVersionDate "2010.11.25"]
[SourceQuality "1"]
[WhiteTeam "Vincennes"]
[BlackTeam "Sautron"]
[WhiteTeamCountry "FRA"]
[BlackTeamCountry "FRA"]

1. d4 Nf6 2. Nf3 e6 3. Bf4 c5 4. c3 Nc6 5. e3 Be7 6. h3 0-0 7. Nbd2 Re8 8. e4 cxd4 9. cxd4 b6 10. Bd3 Nb4 11. Bb1 Ba6 12. Qb3 Rc8 13. Nf1 d5 14. e5 Ne4 15. Ng3 Nxg3 16. fxg3 f6 17. exf6 gxf6 18. Kf2 e5 19. Bd2 Nc6 20. Bf5 Bc4 21. Qc2 e4 22. Bxc8 Qxc8 23. Nh4 Nxd4 24. Qd1 Ne2 25. b4 d4 26. Be3 dxe3+ 27. Kxe3 Bxb4 0-1

[Event "Paris-ch"]
[Site "Paris"]
[Date "2006.07.12"]
[Round "8"]
[White "Lebrun, Xavier"]
[Black "Nemirovski, Serge"]
[Result "1/2-1/2"]
[WhiteElo "2220"]
[BlackElo "2268"]
[PlyCount "27"]
[EventDate "2006.07.08"]
[EventType "swiss"]
[EventRounds "9"]
[EventCountry "FRA"]
[SourceTitle "EXT 2007"]
[Source "ChessBase"]
[SourceDate "2006.11.23"]
[SourceVersion "1"]
[SourceVersionDate "2006.11.23"]
[SourceQuality "1"]

1. e4 e6 2. d4 d5 3. Nc3 Nf6 4. Bg5 Be7 5. e5 Nfd7 6. h4 f6 7. exf6 Nxf6 8. Bd3 c5 9. Nf3 Nc6 10. dxc5 Qa5 11. Bd2 Qxc5 12. Qe2 Qd6 13. Nb5 Qb8 14. Bc3 1/2-1/2

[Event "FRA-chT2 0405"]
[Site "France"]
[Date "2005.02.06"]
[Round "7.5"]
[White "Nemirovski, Serge"]
[Black "Keller, Christophe"]
[Result "1-0"]
[WhiteElo "2261"]
[BlackElo "2198"]
[PlyCount "109"]
[EventDate "2004.10.10"]
[EventType "team"]
[EventRounds "11"]
[EventCountry "FRA"]
[SourceTitle "EXT 2006"]
[Source "ChessBase"]
[SourceDate "2005.11.24"]
[SourceVersion "1"]
[SourceVersionDate "2005.11.24"]
[SourceQuality "1"]
[WhiteTeam "Vincennes"]
[BlackTeam "Clichy  II"]
[WhiteTeamCountry "FRA"]
[BlackTeamCountry "FRA"]

1. d4 e6 2. e4 d5 3. Nc3 Bb4 4. e5 c5 5. Bd2 cxd4 6. Nb5 Bf8 7. f4 Nc6 8. Nf3 Qb6 9. a4 a6 10. a5 Qd8 11. Nbxd4 Bc5 12. Nb3 Ba7 13. Bd3 Nge7 14. Qe2 Nf5 15. Bxf5 exf5 16. Be3 d4 17. Nfxd4 Nxd4 18. Bxd4 Bxd4 19. Rd1 Bc3+ 20. bxc3 Qc7 21. Qe3 Be6 22. Qc5 Rc8 23. Qxc7 Rxc7 24. Rd3 Ke7 25. Nd4 Rc5 26. Nxe6 fxe6 27. Ke2 Rhc8 28. Rb1 R8c7 29. Rb6 R5c6 30. Rh3 h6 31. Rg3 Kf7 32. Rb3 Rc5 33. Ra3 Rc4 34. Rf3 Re4+ 35. Kd2 g5 36. g3 gxf4 37. gxf4 Rd7+ 38. Rd3 Rc7 39. Rd4 Kg6 40. Ra1 Rc4 41. Kd3 Rcxd4+ 42. cxd4 Rxf4 43. Rb1 Rf3+ 44. Kc4 Rf2 45. c3 f4 46. Rxb7 Kf5 47. Rf7+ Ke4 48. Rf6 Rxh2 49. Rxe6 f3 50. Rf6 Rg2 51. e6 Rg8 52. Kc5 h5 53. e7 Re8 54. Kd6 h4 55. Rh6 1-0

[Event "FRA-chT2 0405"]
[Site "France"]
[Date "2005.01.08"]
[Round "5.6"]
[White "Gollain, Marc"]
[Black "Nemirovski, Serge"]
[Result "1/2-1/2"]
[WhiteElo "2284"]
[BlackElo "237"]
[PlyCount "120"]
[EventDate "2004.10.10"]
[EventType "team"]
[EventRounds "11"]
[EventCountry "FRA"]
[SourceTitle "EXT 2006"]
[Source "ChessBase"]
[SourceDate "2005.11.24"]
[SourceVersion "1"]
[SourceVersionDate "2005.11.24"]
[SourceQuality "1"]
[WhiteTeam "Bagneux"]
[BlackTeam "Vincennes"]
[WhiteTeamCountry "FRA"]
[BlackTeamCountry "FRA"]

1. e4 c5 2. Nf3 Nc6 3. d4 cxd4 4. Nxd4 Qb6 5. Nb3 Nf6 6. Nc3 e6 7. Bd3 Bb4 8. Bg5 d6 9. Qd2 Bd7 10. a3 Bxc3 11. Qxc3 Ne5 12. 0-0 Rc8 13. Qb4 Qxb4 14. axb4 a6 15. Rfc1 Ke7 16. f3 h6 17. Bf4 Nc4 18. Bxc4 Rxc4 19. c3 e5 20. Be3 Rcc8 21. Na5 Bc6 22. c4 Nd7 23. Rd1 g6 24. Rd2 b6 25. Nxc6+ Rxc6 26. Rxa6 Rxc4 27. Bxb6 f5 28. Ba5 fxe4 29. Raxd6 Nf6 30. fxe4 Nxe4 31. Rd7+ Ke6 32. Rd1 Rf8 33. Rc7 Rd4 34. Re1 Nd6 35. Rc5 e4 36. b5 Rf5 37. Rc6 Kd5 38. Bc3 Rd3 39. Ra6 Nxb5 40. Ra5 Kc6 41. Ra6+ Kd5 42. Rxg6 Nxc3 43. bxc3 h5 44. Ra6 e3 45. Ra5+ Ke4 46. Ra4+ Ke5 47. Ra5+ Ke4 48. Rxf5 Kxf5 49. Rc1 Rd5 50. c4 Rc5 51. Kf1 Ke4 52. Ke2 Rg5 53. g3 Ra5 54. c5 Ra2+ 55. Kf1 Kf3 56. c6 Rf2+ 57. Kg1 Rg2+ 58. Kh1 Rd2 59. Kg1 Rg2+ 60. Kh1 Rd2 1/2-1/2

[Event "FRA-chT2"]
[Site "France"]
[Date "2002.01.??"]
[Round "6"]
[White "Nemirovski, Serge"]
[Black "Gaston, Serge"]
[Result "1-0"]
[WhiteElo "2236"]
[BlackElo "2242"]
[PlyCount "79"]
[EventDate "2002.??.??"]
[EventType "team"]
[EventRounds "11"]
[EventCountry "FRA"]
[SourceTitle "EXT 2003"]
[Source "ChessBase"]
[SourceDate "2002.11.25"]
[SourceVersion "1"]
[SourceVersionDate "2002.11.25"]
[SourceQuality "1"]

1. d4 d5 2. Nf3 Nf6 3. Bf4 c5 4. c3 e6 5. e3 Nc6 6. h3 Bd6 7. Ne5 0-0 8. Bb5 Qe7 9. Bxc6 bxc6 10. 0-0 Nd7 11. Nxd7 Bxd7 12. Bxd6 Qxd6 13. Qa4 e5 14. dxe5 Qxe5 15. Nd2 Rfe8 16. Rae1 Re6 17. Qf4 Qxf4 18. exf4 Rae8 19. Nf3 Kf8 20. Rxe6 Rxe6 21. Re1 Ke7 22. Kf1 Kd6 23. Rxe6+ Bxe6 24. a3 Bf5 25. Ke2 Be4 26. g3 Bxf3+ 27. Kxf3 d4 28. Ke4 f5+ 29. Kd3 Kd5 30. c4+ Ke6 31. g4 fxg4 32. hxg4 h5 33. gxh5 a5 34. Ke4 a4 35. f5+ Ke7 36. Kd3 Kf6 37. Kc2 Kxf5 38. b3 axb3+ 39. Kxb3 Ke4 40. Kc2 1-0

[Event "FRA-chT2"]
[Site "France"]
[Date "1993.??.??"]
[Round "?"]
[White "Nemirovski, Serge"]
[Black "Loheac Amoun, Frank"]
[Result "1-0"]
[WhiteElo "2225"]
[BlackElo "2225"]
[PlyCount "59"]
[EventDate "1993.??.??"]
[EventType "team"]
[EventRounds "9"]
[EventCountry "FRA"]
[SourceTitle "TD"]
[Source "ChessBase"]
[SourceDate "1994.03.01"]
[SourceVersion "1"]
[SourceVersionDate "1994.03.01"]
[SourceQuality "1"]

1. e4 d6 2. d4 Nf6 3. Nc3 Nbd7 4. Nf3 e5 5. Bc4 Be7 6. 0-0 0-0 7. h3 c6 8. a4 b6 9. Qe2 a6 10. Rd1 Qc7 11. Bg5 h6 12. Bh4 Bb7 13. Rd2 b5 14. Bb3 b4 15. Nd1 Rae8 16. dxe5 dxe5 17. Ne3 Nc5 18. Nf5 Ncxe4 19. Bxf6 Nxf6 20. Qxe5 Bd8 21. Qxc7 Bxc7 22. Nd6 Bxd6 23. Rxd6 a5 24. Nd2 Re5 25. Nc4 Rc5 26. Re1 Bc8 27. Ne5 Bf5 28. Rxc6 Rc8 29. Rxc8+ Rxc8 30. Nxf7 1-0

[Event "Paris-ch op"]
[Site "Paris"]
[Date "1992.??.??"]
[Round "4"]
[White "Nemirovski, Serge"]
[Black "Morales, Humberto"]
[Result "1/2-1/2"]
[WhiteElo "2265"]
[BlackElo "2310"]
[PlyCount "113"]
[EventDate "1992.04.??"]
[EventType "swiss"]
[EventRounds "9"]
[EventCountry "FRA"]
[SourceTitle "EXT 1997"]
[Source "ChessBase"]
[SourceDate "1996.11.15"]
[SourceVersion "1"]
[SourceVersionDate "1996.11.15"]
[SourceQuality "1"]

1. e4 c5 2. c3 d6 3. d4 Nd7 4. Be3 g6 5. dxc5 dxc5 6. Nf3 Qc7 7. Be2 e5 8. 0-0 Ngf6 9. Qc2 Qc6 10. Nbd2 Bg7 11. Nc4 Ng4 12. Bg5 b5 13. h3 bxc4 14. hxg4 Nb6 15. Rad1 Be6 16. Rd2 f6 17. Be3 0-0 18. Rfd1 Rfe8 19. Nh2 Bf8 20. Nf1 Rab8 21. Ng3 Na4 22. Qc1 Qb7 23. Qc2 Qc6 24. Qc1 Be7 25. Bf3 Qc8 26. Be2 Nb6 27. f3 Na4 28. Bf2 Qb7 29. Qc2 Qc6 30. Qc1 Rb7 31. Rc2 Rd8 32. Rxd8+ Bxd8 33. Rd2 Be7 34. Bd1 Nb6 35. Nf1 Rd7 36. Ne3 Qb5 37. Be2 Qa4 38. a3 Rxd2 39. Qxd2 Qc6 40. Bg3 a5 41. g5 Kf7 42. Qc2 Qd7 43. Kf2 Qd6 44. gxf6 Bxf6 45. Ng4 Bxg4 46. fxg4 Bg5 47. Ke1 Be3 48. b3 Qe6 49. bxc4 Qd6 50. Bd3 Kg7 51. Ke2 Bf4 52. Bf2 Qe6 53. Bxc5 Nxc4 54. Kd1 Qxg4+ 55. Qe2 Qd7 56. Ke1 Nd2 57. Bf2 1/2-1/2

[Event "FRA-ch Accession"]
[Site "Montpellier"]
[Date "1991.??.??"]
[Round "4"]
[White "Dussol, Pierre"]
[Black "Nemirovski, Serge"]
[Result "1-0"]
[WhiteElo "2245"]
[BlackElo "2290"]
[PlyCount "81"]
[EventDate "1991.??.??"]
[EventType "swiss"]
[EventRounds "11"]
[EventCountry "FRA"]
[SourceTitle "EXT 1999"]
[Source "ChessBase"]
[SourceDate "1998.11.16"]
[SourceVersion "1"]
[SourceVersionDate "1998.11.16"]
[SourceQuality "1"]

1. d4 d5 2. Nf3 e6 3. e3 Nf6 4. Bd3 c5 5. 0-0 Nc6 6. b3 Be7 7. Nbd2 0-0 8. Bb2 b6 9. a3 Bb7 10. Qe2 Qc7 11. Rac1 Rac8 12. c4 cxd4 13. exd4 Qf4 14. c5 bxc5 15. dxc5 d4 16. b4 Nb8 17. Bxd4 Rfd8 18. Be3 Qg4 19. Rc4 Ba6 20. Rxg4 Bxd3 21. Qd1 Nxg4 22. Re1 Nc6 23. Qb3 Rb8 24. Bf4 Bxc5 25. Bxb8 Bxf2+ 26. Kh1 Nxb8 27. Rc1 Be3 28. h3 Nf2+ 29. Kh2 Nd7 30. Rc3 Nf6 31. Nc4 Bf4+ 32. g3 Bb8 33. Nce5 Be4 34. Rc5 g5 35. Qb2 Nd1 36. Qc1 h6 37. Rc8 Re8 38. Rxe8+ Nxe8 39. Qxd1 Bd5 40. Nd7 Bd6 41. Nfe5 1-0

[Event "FRA-ch Accession"]
[Site "Montpellier"]
[Date "1991.??.??"]
[Round "6"]
[White "Laplanche, Bruno"]
[Black "Nemirovski, Serge"]
[Result "0-1"]
[WhiteElo "1750"]
[BlackElo "2290"]
[PlyCount "64"]
[EventDate "1991.??.??"]
[EventType "swiss"]
[EventRounds "11"]
[EventCountry "FRA"]
[SourceTitle "EXT 1999"]
[Source "ChessBase"]
[SourceDate "1998.11.16"]
[SourceVersion "1"]
[SourceVersionDate "1998.11.16"]
[SourceQuality "1"]

1. e4 c5 2. Nc3 Nc6 3. g3 g6 4. Bg2 Bg7 5. d3 d6 6. f4 Nf6 7. Nf3 0-0 8. 0-0 Bd7 9. Bd2 b5 10. Nxb5 Rb8 11. a4 a6 12. Na3 Rxb2 13. Nc4 Rb7 14. a5 Qc7 15. Nb6 Rfb8 16. Nxd7 Nxd7 17. f5 Bxa1 18. Qxa1 Rb2 19. fxg6 hxg6 20. Ng5 Nde5 21. Bc3 Rxc2 22. Bf3 Nd4 23. Bxd4 cxd4 24. Qxd4 Qxa5 25. Bd1 Ra2 26. Qa7 Qc5+ 27. Qxc5 dxc5 28. h4 Rbb2 29. Bf3 Nxd3 30. Nxf7 Kxf7 31. Be2+ Kg7 32. Bxd3 Rg2+ 0-1

[Event "Clichy op"]
[Site "Clichy"]
[Date "1991.??.??"]
[Round "2"]
[White "Nemirovski, Serge"]
[Black "Jacques, Robert"]
[Result "0-1"]
[WhiteElo "2370"]
[BlackElo "2010"]
[PlyCount "80"]
[EventDate "1991.06.??"]
[EventType "swiss"]
[EventRounds "9"]
[EventCountry "FRA"]
[SourceTitle "TD"]
[Source "ChessBase"]
[SourceDate "1994.03.01"]
[SourceVersion "1"]
[SourceVersionDate "1994.03.01"]
[SourceQuality "1"]

1. e4 c5 2. c3 e5 3. Nf3 Nc6 4. Bc4 Qc7 5. 0-0 Nf6 6. Re1 Be7 7. a4 0-0 8. d3 d6 9. Nbd2 a6 10. Nf1 Rb8 11. Ng3 b5 12. axb5 axb5 13. Ba2 Be6 14. Bxe6 fxe6 15. Qb3 d5 16. exd5 exd5 17. Nf5 c4 18. dxc4 bxc4 19. Nxe7+ Qxe7 20. Qa4 Qc7 21. g3 Ng4 22. Qd1 Qf7 23. h3 Nxf2 24. Kxf2 e4 25. Bf4 Rxb2+ 26. Kg1 exf3 27. Qxf3 Qf5 28. Rad1 Qxh3 29. Qxd5+ Kh8 30. Rd2 Rxd2 31. Qxd2 Qf5 32. Qd6 g5 33. Be3 Rf6 34. Qc7 Ne5 35. Ra1 Nf3+ 36. Kg2 Qc2+ 37. Bf2 Ne1+ 38. Kh3 g4+ 39. Kh4 Nf3+ 40. Kxg4 Qf5# 0-1